000 003360000a22001450004500
003 MACL
040 _aMACL
090 _c41439
_d41437
100 _aDas, Dr Ramranjan
245 _aKambuja A Blending of Indian Cultural Heritage
260 _bEducation Forum
_c2008
350 _a200
650 _aArchitecture
942 _cBOOK
_k720/DAS
999 _c40998
_d40998